000 005980000a22001810004500
003 MACL
005 20160731151449.0
008 160731b xxu||||| |||| 00| 0 eng d
040 _aMACL
_cMACL
041 _aHindi
082 _a340 BAB
100 _aबाबेल, बसन्‍तीलाल
_933725
245 _aमानव अधिकार सरक्षण अधिनियम
_cबसन्‍तीलाल बाबेल
260 _aभोपाल
_bसुविधा लॉ हाउस
_c2011
350 _a230
650 _aलॉ
_933609
942 _cHIN
_k340
_2ddc
999 _c48585
_d48585